000 00519 a2200169 4500
999 _c8120
_d8120
003 GBCCL
005 20241126110643.0
008 190318b ||||| |||| 00| 0 eng d
040 _cgbc
082 _a262
_bDOZ
100 _aDozo, Phuveyi
_914138
245 _aAddressing the issue of Church foundation :
_bfounder of the Church clarified, a comprehensive church handbook of practical theology
260 _aDimpaur :
_bPhuveyi Dozo,
_c2017
300 _a174p. ;
650 _aChurch
_vhandbook
_914140
942 _2ddc
_cBK